Lịch sử đảng bộ huyện Châu Thành- Cần Thơ 1930 -1975 Sơ thảo

Sparad:
Bibliografiska uppgifter
Materialtyp: Bok
Språk:English
Publicerad: Cần Thơ Đảng bộ huyện Châu Thành 1998
Ämnen:
Taggar: Lägg till en tagg
Inga taggar, Lägg till första taggen!
Thư viện lưu trữ: Trung tâm Học liệu Lê Vũ Hùng, Trường Đại học Đồng Tháp
LEADER 00688pam a22002058a 4500
001 00041907
008 170505s1996 ||||||engsd
005 20180809090830.0
041 0 # |a Vie 
082 0 4 |a 324.259 707 51  |b L302S 
245 1 0 |b Sơ thảo  |a Lịch sử đảng bộ huyện Châu Thành- Cần Thơ 1930 -1975 
260 # # |a Cần Thơ  |b Đảng bộ huyện Châu Thành  |c 1998 
300 # # |a 367tr  |c 21 cm. 
653 # # |a Cách mạng 
653 # # |a lịch sử đảng 
653 # # |a Cần Thơ 
653 # # |a Việt Nam 
852 # # |j KD.0024571 
910 |d 09/08/2018 
980 # # |a Trung tâm Học liệu Lê Vũ Hùng, Trường Đại học Đồng Tháp